Biblioteca y Centro de Documentación

Vista normal Vista MARC

Entrada Nombre personal

Número de registros utilizados en: 1

001 - NÚMERO DE CONTROL

  • Campo de control: 17162

003 - IDENTIFICADOR DE NÚMERO DE CONTROL

  • Campo de control: ES-MaCES

005 - FECHA Y HORA DE LA ULTIMA MODIFICACION

  • Campo de control: 20060829144500.0

008 - ELEMENTOS DE DATOS DE LONGITUD FIJA

  • Campo de longitud fija: 060829 | azznnaabn || aaa d

035 ## - NÚMERO DE CONTROL DEL SISTEMA

  • Número de control del sistema: CES20060013846n

040 ## - FUENTE DE LA CATALOGACIÓN

  • Agencia original de catalogación: ES-MaCES
  • Idioma de catalogación: spa
  • Agencia de transcripción: ES-MaCES

100 1# - ENCABEZAMIENTO--NOMBRE DE PERSONA

  • Nombre personal: Lurbe, Kàtia

400 1# - TRAZADO VEÁSE--NOMBRE DE PERSONA

  • Nombre personal: Lurbe Puerto, Kàtia

670 ## - FUENTE DE DATOS ENCONTRADOS

  • Fuente de citación: Universitat Autonoma de Barcelona. Dpto Sociología

901 ## - CES. DATOS SIRTEX

  • ID Sirtex (N5N8): 0001500017822
  • 005BIS Sirtex: 200608291445ALORITE
© CES, Consejo Económico y Social de España 2021